| 000 | 00400nam a2200133Ia 4500 | ||
|---|---|---|---|
| 001 | 3198 | ||
| 008 | 241024s9999 xx 000 0 und d | ||
| 082 | _aRD/333.07/R426t | ||
| 100 | _aRepública Dominicana. Ministerio de Educación, MINERD | ||
| 245 | 0 | _aTerrenos que estan siendo ubicados por las instituciones del Estado | |
| 260 | _bSanto Domingo | ||
| 901 | _a4/9/2013 4:00:27 p.m. | ||
| 999 |
_c9711 _d9711 |
||